| 000 | 00389cam a22001217a 4500 | ||
|---|---|---|---|
| 008 | 180718b1994 xxu||||| |||| 00| 0 eng d | ||
| 082 | _aY118x54 G941 | ||
| 245 |
_aGuidelines for watershed development _cby Ministry of Rural Development |
||
| 260 |
_aNew Delhi _bThe author _c1994 |
||
| 300 | _a90+p. | ||
| 650 | _aWatershed management - India | ||
| 700 | _aIndia. Ministry of Rural Development | ||
| 999 |
_c483834 _d483834 |
||